Basic college mathematics

Bibliographic Details
Main Author: Martin-Gay, K. Elayn
Format: Book
Published: New Jersey : Prentice Hall , 2003
Edition:2nd ed.
Subjects:

MARC

LEADER 00000cam a2200000 7i4500
001 0000011166
005 20050608.0
020 |a 0130676993 
040 |a INS 
090 0 0 |a QA39.3.   |b M37 2003 
100 1 |a Martin-Gay, K. Elayn 
245 1 0 |a Basic college mathematics   |c K. Elayn Martin-Gay 
250 |a 2nd ed. 
260 |a New Jersey :   |b Prentice Hall ,   |c 2003 
300 |a xxviii :   |b 723p ;   |c 28cm. 
650 0 0 |a Mathematics 
999 |a 0000011694   |b BOOK   |c Open Shelf   |e Default branch